Countries in World War 2 with the most deaths - Statistics

General Stats
  • This quiz has been taken 71 times
  • The average score is 7 of 10
Answer Stats
Country Deaths % Correct
Germany 7,700,000
97%
France 1,250,000
90%
Japan 2,850,000
87%
Ussr 24,000,000
84%
Poland 5,600,000
81%
China 19,500,000
75%
India 2,087,000
49%
Yugoslavia 1,000,000
49%
Romania 833,000
46%
Netherlands 3,500,000
38%
No matching quizzes found
Score Distribution
Percent of People with Each Score
Percentile by Number Answered
Your Score History
You have not taken this quiz